000 00687nam a2200253Ia 4500
003 OSt
005 20221007063053.0
006 a|||||r|||| 00| 0
007 ta
008 221006b |||||||| |||| 00| 0 eng d
020 _cRs. 32.50/-
024 _a14,492
037 _cTextual
040 _aFLL
_cFLL
_beng
041 _2eng
_aeng
082 _aX:57:Z2qN47:9, K5;K9
100 _aVakil Shiavax R.
_9342539
245 0 _aLaw relating to foreign exchange
250 _a4th
260 _aBombay
_bN.M. Tripathi Pvt. Ltd. India
_c1969
300 _a623p
_ccm.
942 _hX:57:Z2qN47:9, K5;K9
_cTEXL
_2CC
999 _c1130288
_d1130288